000 00812nam a2200253 a 4500
005 20191224041731.0
008 140314b2002 ck ||||| |||| 00| 0 spa d
020 _a9589679382
040 _aCO-BoIAVH
_cCO-BoIAVH
041 _aspa
044 _ack
082 _a363.70561
_bC25i
110 1 _aCorporación Autónoma Regional de Cundinamarca
_93054
245 1 _aInformación, valoración y política ambiental en Colombia con referencia al sector hídrico
260 _aBogotá
_bGtz
_bTob
_bKfw
_c2002
300 _a209 paginas
650 1 4 _aMétodos de Valoración
_vEcología Tropical
_972832
650 1 4 _aContaminación
_972833
650 1 4 _aInformación Ambiental
_972834
700 _aWattenbach, Horst
_921744
700 _aRomero C., Carolina
_921745
942 _cLIBRO
_2ddc
945 _d2005-01-21
999 _c4288
_d4288